NOTES ON OBSTETRICS / (Record no. 794714)

MARC details
000 -LEADER
fixed length control field 00484pam a2200193 a 4500
020 ## - INTERNATIONAL STANDARD BOOK NUMBER
Terms of availability 60.00 (PB)
041 ## - LANGUAGE CODE
Language code of text/sound track or separate title eng
Language code of original NULL
082 ## - DEWEY DECIMAL CLASSIFICATION NUMBER
Classification number 618.2
Item number SAC
100 ## - MAIN ENTRY--PERSONAL NAME
Personal name SACHDEVA, R .
245 ## - TITLE STATEMENT
Title NOTES ON OBSTETRICS /
Statement of responsibility, etc. NULL.
Medium Textual Documents
250 ## - EDITION STATEMENT
Edition statement 4 /
Remainder of edition statement .
260 ## - PUBLICATION, DISTRIBUTION, ETC.
Place of publication, distribution, etc. NULL :
Name of publisher, distributor, etc. JAYPEE BROTHERS MEDICAL PUB. ,
Date of publication, distribution, etc. 1995.
300 ## - PHYSICAL DESCRIPTION
Extent 372 :
Other physical details IX ;
Dimensions A4 .
365 ## - TRADE PRICE
Price type code 60.00
Price note 2
650 ## - SUBJECT ADDED ENTRY--TOPICAL TERM
Topical term or geographic name entry element OBST.GYNE
907 ## - LOCAL DATA ELEMENT G, LDG (RLIN)
a 0926
-- 0927
930 ## - EQUIVALENCE OR CROSS-REFERENCE-UNIFORM TITLE HEADING [LOCAL, CANADA]
Uniform title 178
Holdings
Withdrawn status Lost status Damaged status Not for loan Home library Current library Date acquired Cost, normal purchase price Total Checkouts Full call number Barcode Date last seen Copy number Price effective from Koha item type
        Medical College & Hospital, Sangli Medical College & Hospital, Sangli 28/11/2011 60.00   618.2 SAC MCS-0927 26/07/2023 3 26/07/2023 Book
        Medical College & Hospital, Sangli Medical College & Hospital, Sangli 28/11/2011 60.00   618.2 SAC MCS-0926 26/07/2023 2 26/07/2023 Book
        Medical College & Hospital, Sangli Medical College & Hospital, Sangli 28/11/2011 60.00   618.2 SAC MCS-0925 26/07/2023 1 26/07/2023 Book